| Поле | Название | Значение |
| |
Тип записи |
m |
| |
Библиографический уровень |
m |
| 001 |
Контрольный номер |
04f888f03ae649568b0494f5dbaaa531 |
| 005 |
Дата корректировки |
20260629105334.5 |
| 020 |
Индекс ISBN |
__ |
| a |
ISBN |
978-5-6040302-0-2 |
| 040 |
Источник каталогиз. |
__ |
| b |
Код языка каталог. |
rus |
| e |
Правила каталог. |
PSBO |
| 041 |
Код языка издания |
0_ |
| a |
Код языка текста |
rus |
| 080 |
Индекс УДК |
__ |
| a |
Индекс УДК |
611.73(07)+612.73(07)+612.76(07)+577.1(07)+796.01:612(07) |
| 090 |
Шифры |
__ |
| x |
Авторский знак |
С 178 |
| c |
Каталожный индекс |
611.73(07)+612.73(07)+612.76(07)+577.1(07)+796.01:612(07) |
| 100 |
Автор |
1_ |
| a |
Автор |
Самсонова А.В. |
| 245 |
Заглавие |
10 |
| a |
Заглавие |
Гипертрофия скелетных мышц человека |
| b |
Продолж. заглавия |
учебное пособие для образовательных учреждений высшего профессионального образования, осуществляющих образовательную деятельность по направлению 49.04.01 "Физическая культура" |
| c |
Ответственность |
Министерство спорта Российской Федерации |
| c |
Ответственность |
Национальный государственный университет физической культуры, спорта и здоровья им. П.Ф. Лесгафта, Санкт-Петербург |
| 250 |
Сведения об издании |
__ |
| a |
Основные сведения об издании |
5-е изд. |
| 256 |
Характеристики компьютерного файла |
__ |
| a |
Характеристики компьютерного файла |
Электрон. текстовые дан. (1 файл : 5,64 МБ) |
| 260 |
Выходные данные |
__ |
| a |
Место издания |
Санкт-Петербург |
| b |
Издательство |
Кинетика |
| c |
Дата издания |
2018 |
| 300 |
Физическое описание |
__ |
| a |
Объем |
Электрон. дан. (1 файл) |
| b |
Иллюстрации/ тип воспроизводства |
ил. |
| 336 |
Вид содержания |
__ |
| a |
Термин вида содержания |
Текст |
| 337 |
Средство доступа |
__ |
| a |
Термин типа средства |
электронный |
| 440 |
Серия |
_0 |
| a |
Серия |
Силовая тренировка |
| 500 |
Примечания |
__ |
| a |
Примечание |
Режим доступа: Электронный каталог библиотеки. - Загл. с титула экрана. - Электрон. копия печ. версии |
| 504 |
Библиография |
__ |
| a |
Библиография |
Библиогр.: с. 150-159 |
| 520 |
Аннотация |
0_ |
| a |
Аннотация |
В учебном пособии представлены современные фактические данные о теории и практике увеличения массы скелетных мышц под воздействием тренировки силовой направленности. Рассмотрены состав, структура и функции скелетных мышц на различных уровнях их организации. Проблема гипертрофии скелетных мышц освещена с позиций ряда медико-биологических дисциплин: анатомии, биомеханики, биохимии, гистологии, спортивной медицины, цитологии, физиологии, а также с позиций теории и методики физической культуры и атлетизма. |
| 521 |
Примеч. о цел. назн. |
0_ |
| с |
|
49.04.01 Физическая культура |
| e |
Дисциплина |
Гипертрофия скелетных мышц человека |
| 650 |
Тематические рубрики |
14 |
| a |
Предметная рубрика |
МЕДИЦИНА |
| 650 |
Тематические рубрики |
14 |
| a |
Предметная рубрика |
БИОЛОГИЧЕСКИЕ НАУКИ |
| 650 |
Тематические рубрики |
14 |
| a |
Предметная рубрика |
ФИЗКУЛЬТУРА И СПОРТ |
| 650 |
Тематические рубрики |
14 |
| a |
Предметная рубрика |
ТРУДЫ СОТРУДНИКОВ |
| 650 |
Тематические рубрики |
04 |
| a |
Предметная рубрика |
ЭЛЕКТРОННАЯ БИБЛИОТЕКА |
| 653 |
Ключевые слова |
1_ |
| a |
Ключевые слова |
СКЕЛЕТНЫЕ МЫШЦЫ; МЫШЕЧНАЯ ГИПЕРТРОФИЯ; СИЛОВАЯ ТРЕНИРОВКА; АДАПТАЦИЯ К ФИЗИЧЕСКИМ НАГРУЗКАМ; БИОХИМИЯ МЫШЕЧНОЙ ДЕЯТЕЛЬНОСТИ; МОРФОЛОГИЯ |
| 900 |
Макрообъекты |
__ |
| a |
Имя макрообъекта |
Гипертрофия мышц обл |
| 900 |
Макрообъекты |
__ |
| a |
Имя макрообъекта |
Гипертрофия скелетных мышц человека (020585) |
| 901 |
Тип документа |
__ |
| t |
Тип документа |
m |
| 952 |
Тип литературы |
__ |
| a |
Тип литературы для КСУ ВШ |
ЭКУ |
| 999 |
Фонд |
__ |
| a |
Фонд |
ЭК 2026 |
| a |
Фонд |
РИНЦ |